Datum a čas kvízu

21.5 Celkem bodů Celkový počet nahraných bodů na tomto kvízu bez doplňovacích otázek.
7. Pořadí na kvízu Konečné umístění týmu na tomto kvízu.

Zaznamenané odpovědi

# Otázka Odpověď Body Výsledky
1. Plzeňské hlavní vlakové nádraž... Probíhala instalace jeřábu. 0
2. Evropský parlament má novou př... z Malty 0
3. Ve čtvrtek mělo v českých kine... Spencer 1
4. V sobotu 15. ledna se v Plzni... B 1
5. Biatlonistka Markéta Davidová... B) ve vytrvalostním závodě 1
6. V 17. a 18. století dominovala... merkantilismus 0
7. Za zakladatele klasické ekonom... Adam Smith 0
8. Ve kterém roce došlo ke krachu... V roce 1929. (Uznáváme 1927–1931.) 1
9. Po rozpadu zlatého standardu,... na americký dolar 1
10. Na závěr se podíváme do eurozó... B 0